000 00684nam a2200289Ia 4500
005 20260324134521.0
008 008 260324s9999 xx 000 0 eng d
020 _a9781315187440
037 _aEBOOK
040 _aCRL
040 _beng
040 _cCRL
041 _2eng
041 _aeng
084 _qCRL
100 _aCharles D. Thompson; Jr
_91197111
245 0 _aMaya Identities and the Violence of Place
245 0 _bBorders Bleed
260 _bTaylor and Francis
260 _c2001
365 _a
365 _b130
856 _uhttp://www.taylorfrancis.com/books/9781315187440
942 _cEBOOK
999 _c1797296
_d1797296